000 00668nam a22002297a 4500
005 20170124110219.0
010 _aA-710553
020 _c125.00
035 _aA-710553
037 _bCen Lib/Ret
040 _aDPL
_bEN
082 _a921
_bKAL
100 _aKalhan, Promilla
_939582
245 _aKamala Nehru :
_cby Promilla Kalhan
_ban intimate biography /
250 _a2nd rev. ed.
260 _aNew Delhi
_bNIB Publishers
_c1990
270 _bNew Delhi
_e110005
_a13/22, W.E.A.Karol Bagh
300 _a147p. :
_c20cm(Hb)
_bill.
500 _aIncludes index
650 _aNehru, Kamala, -- 1899-1936
_939583
942 _2ddc
_cEN
_h921
_mKAL
999 _c134030
_d134030